| 000 | 00483nam a22001457a 4500 | ||
|---|---|---|---|
| 005 | 20260428155720.0 | ||
| 008 | 260428b |||||||| |||| 00| 0 eng d | ||
| 050 | _aQA 76.9 .A25 O99 2012 | ||
| 100 | _aOUYANG, ALFRED. | ||
| 245 | _aCISSP COMMON BODY OF KNOWLEDGE REVIEW: SECURITY ARCHITECTURE & DESIGN DOMAIN | ||
| 260 |
_aUSA _bCREAIVE COMMON. _c2012. |
||
| 300 | _a113 P, ILL | ||
| 650 | _a1. COMPUTER SECURITY 2. INFORMATION TECHNOLOGY- SECURITY MEASURES. | ||
| 942 |
_2lcc _cBK |
||
| 999 |
_c217064 _d217064 |
||